[Event "Blitz 2018"]
[Site "Saint-Petersburg"]
[Date "2018.12.29"]
[Round "1"]
[Board "72"]
[White "Vokhidov Shamsiddin (UZB)"]
[Black "Rakhmanov Aleksandr (RUS)"]
[Result "1-0"]
[LiveChessVersion "1.4.8"]
[BlackElo "2615"]
[WhiteElo "2414"]

1. e4 {[%clk 0:03:03]} e5 {[%clk 0:03:03]} 2. Nf3 {[%clk 0:03:04]} Nf6
{[%clk 0:03:04]} 3. Nxe5 {[%clk 0:03:03]} d6 {[%clk 0:03:05]} 4. Nf3
{[%clk 0:03:04]} Nxe4 {[%clk 0:03:06]} 5. Nc3 {[%clk 0:03:04]} Nf6
{[%clk 0:03:07]} 6. d4 {[%clk 0:03:04]} g6 {[%clk 0:03:08]} 7. Bd3
{[%clk 0:03:00]} Bg7 {[%clk 0:03:09]} 8. O-O {[%clk 0:02:59]} O-O
{[%clk 0:03:09]} 9. Ne2 {[%clk 0:02:57]} Nc6 {[%clk 0:02:41]} 10. c3
{[%clk 0:02:55]} a6 {[%clk 0:02:42]} 11. Ng3 {[%clk 0:02:52]} b5 {[%clk 0:02:39]}
12. Bg5 {[%clk 0:02:48]} h6 {[%clk 0:02:37]} 13. Bf4 {[%clk 0:02:48]} Be6
{[%clk 0:02:28]} 14. Re1 {[%clk 0:02:47]} Bd5 {[%clk 0:02:22]} 15. Nf1
{[%clk 0:02:30]} Qd7 {[%clk 0:02:15]} 16. h3 {[%clk 0:02:30]} Rfe8
{[%clk 0:02:13]} 17. Ne3 {[%clk 0:02:23]} Be4 {[%clk 0:02:11]} 18. Bf1
{[%clk 0:02:23]} Nd5 {[%clk 0:02:09]} 19. Bg3 {[%clk 0:02:20]} Nxe3
{[%clk 0:02:04]} 20. Rxe3 {[%clk 0:02:21]} Bd5 {[%clk 0:02:03]} 21. Rxe8+
{[%clk 0:02:16]} Rxe8 {[%clk 0:02:01]} 22. a4 {[%clk 0:02:15]} Rb8
{[%clk 0:01:46]} 23. axb5 {[%clk 0:02:11]} axb5 {[%clk 0:01:47]} 24. Ne1
{[%clk 0:02:02]} Ne7 {[%clk 0:01:41]} 25. Nc2 {[%clk 0:02:00]} Nf5
{[%clk 0:01:39]} 26. Bf4 {[%clk 0:02:01]} Bc4 {[%clk 0:00:55]} 27. Nb4
{[%clk 0:01:53]} Ne7 {[%clk 0:00:47]} 28. Bxc4 {[%clk 0:01:38]} bxc4
{[%clk 0:00:48]} 29. Qe2 {[%clk 0:01:37]} Nc6 {[%clk 0:00:24]} 30. Nd5
{[%clk 0:01:28]} Kh7 {[%clk 0:00:24]} 31. Ra2 {[%clk 0:01:08]} Qf5
{[%clk 0:00:07]} 32. Qxc4 {[%clk 0:01:09]} Qb1+ {[%clk 0:00:08]} 33. Kh2
{[%clk 0:01:10]} Nd8 {[%clk 0:00:06]} 34. Qxc7 {[%clk 0:01:03]} Ne6
{[%clk 0:00:04]} 35. Qxb8 {[%clk 0:01:01]} Qxa2 {[%clk 0:00:05]} 36. Qxd6
{[%clk 0:00:54]} Qxb2 {[%clk 0:00:04]} 37. Bg3 {[%clk 0:00:56]} Qb3
{[%clk 0:00:04]} 38. Qd7 {[%clk 0:00:52]} Ng5 {[%clk 0:00:05]} 39. Qc6
{[%clk 0:00:47]} Ne4 {[%clk 0:00:04]} 40. Qd7 {[%clk 0:00:41]} Nxc3
{[%clk 0:00:05]} 41. Nxc3 {[%clk 0:00:37]} Qxc3 {[%clk 0:00:06]} 42. d5
{[%clk 0:00:35]} f5 {[%clk 0:00:07]} 43. Qe7 {[%clk 0:00:29]} Qd4
{[%clk 0:00:08]} 44. d6 {[%clk 0:00:24]} f4 {[%clk 0:00:09]} 45. d7
{[%clk 0:00:24]} fxg3+ {[%clk 0:00:08]} 46. fxg3 {[%clk 0:00:25]} 1-0

[Event "Blitz 2018"]
[Site "Saint-Petersburg"]
[Date "2018.12.29"]
[Round "1"]
[Board "73"]
[White "Motylev Alexander (RUS)"]
[Black "Minko Vladimir (RUS)"]
[Result "1/2-1/2"]
[LiveChessVersion "1.4.8"]
[BlackElo "2403"]
[WhiteElo "2609"]

1. e4 {[%clk 0:03:02]} c5 {[%clk 0:03:03]} 2. Nf3 {[%clk 0:03:03]} e6
{[%clk 0:03:03]} 3. d4 {[%clk 0:03:04]} cxd4 {[%clk 0:03:03]} 4. Nxd4
{[%clk 0:03:04]} Nc6 {[%clk 0:03:03]} 5. Nc3 {[%clk 0:03:05]} Qc7
{[%clk 0:03:02]} 6. a3 {[%clk 0:03:03]} a6 {[%clk 0:03:00]} 7. Nxc6
{[%clk 0:03:02]} bxc6 {[%clk 0:02:56]} 8. Qg4 {[%clk 0:03:01]} Nf6
{[%clk 0:02:44]} 9. Qg3 {[%clk 0:03:02]} Qxg3 {[%clk 0:02:36]} 10. hxg3
{[%clk 0:03:03]} d5 {[%clk 0:02:36]} 11. Bd3 {[%clk 0:03:04]} Be7
{[%clk 0:02:27]} 12. Bf4 {[%clk 0:03:01]} h6 {[%clk 0:02:19]} 13. O-O-O
{[%clk 0:02:50]} Nd7 {[%clk 0:02:09]} 14. Na4 {[%clk 0:02:36]} Bb7
{[%clk 0:01:46]} 15. f3 {[%clk 0:02:26]} Rd8 {[%clk 0:01:37]} 16. g4
{[%clk 0:02:14]} e5 {[%clk 0:01:21]} 17. Bd2 {[%clk 0:02:07]} d4 {[%clk 0:01:22]}
18. g5 {[%clk 0:01:42]} h5 {[%clk 0:01:11]} 19. g4 {[%clk 0:01:43]} h4
{[%clk 0:01:02]} 20. g6 {[%clk 0:00:49]} fxg6 {[%clk 0:00:57]} 21. f4
{[%clk 0:00:51]} exf4 {[%clk 0:00:49]} 22. Bxf4 {[%clk 0:00:51]} g5
{[%clk 0:00:48]} 23. Bh2 {[%clk 0:00:51]} O-O {[%clk 0:00:40]} 24. e5
{[%clk 0:00:47]} c5 {[%clk 0:00:37]} 25. Rhf1 {[%clk 0:00:35]} Bf3
{[%clk 0:00:34]} 26. Bxa6 {[%clk 0:00:32]} Bxd1 {[%clk 0:00:30]} 27. Bc4+
{[%clk 0:00:33]} Kh7 {[%clk 0:00:27]} 28. Rxd1 {[%clk 0:00:33]} Rf2
{[%clk 0:00:24]} 29. Rh1 {[%clk 0:00:27]} Rdf8 {[%clk 0:00:22]} 30. b3
{[%clk 0:00:22]} Rg2 {[%clk 0:00:21]} 31. Bd5 {[%clk 0:00:23]} Rxg4
{[%clk 0:00:20]} 32. Be6 {[%clk 0:00:24]} Rg2 {[%clk 0:00:19]} 33. Bxd7
{[%clk 0:00:25]} Rff2 {[%clk 0:00:19]} 34. Bg1 {[%clk 0:00:20]} Rf1+
{[%clk 0:00:19]} 35. Kb2 {[%clk 0:00:22]} Rfxg1 {[%clk 0:00:19]} 36. Rh3
{[%clk 0:00:22]} g4 {[%clk 0:00:20]} 37. Rd3 {[%clk 0:00:22]} h3 {[%clk 0:00:20]}
38. Bxg4 {[%clk 0:00:22]} Rxg4 {[%clk 0:00:21]} 39. Rxh3+ {[%clk 0:00:23]} Kg6
{[%clk 0:00:21]} 40. Nb6 {[%clk 0:00:24]} R4g3 {[%clk 0:00:20]} 41. Rh8
{[%clk 0:00:23]} R1g2 {[%clk 0:00:20]} 42. Nd5 {[%clk 0:00:24]} Bg5
{[%clk 0:00:21]} 43. e6 {[%clk 0:00:22]} Re2 {[%clk 0:00:21]} 44. e7
{[%clk 0:00:21]} Bxe7 {[%clk 0:00:19]} 45. Nf4+ {[%clk 0:00:22]} Kf7
{[%clk 0:00:14]} 46. Nxe2 {[%clk 0:00:23]} Rg2 {[%clk 0:00:15]} 47. Nf4
{[%clk 0:00:25]} Rg3 {[%clk 0:00:10]} 48. Nd3 {[%clk 0:00:25]} Re3
{[%clk 0:00:10]} 49. Rc8 {[%clk 0:00:22]} g5 {[%clk 0:00:10]} 50. Rh8
{[%clk 0:00:11]} g4 {[%clk 0:00:10]} 51. Rh2 {[%clk 0:00:12]} g3 {[%clk 0:00:10]}
52. Rg2 {[%clk 0:00:12]} Bd6 {[%clk 0:00:10]} 53. a4 {[%clk 0:00:14]} Kg6 54. a5
Kg5 {[%clk 0:00:11]} 55. a6 {[%clk 0:00:17]} Re8 {[%clk 0:00:11]} 56. Nxc5
{[%clk 0:00:14]} Kg4 {[%clk 0:00:10]} 57. Nb7 {[%clk 0:00:13]} Bb8
{[%clk 0:00:10]} 58. Rd2 {[%clk 0:00:12]} Kf3 {[%clk 0:00:10]} 59. b4
{[%clk 0:00:10]} g2 {[%clk 0:00:11]} 60. Rxg2 {[%clk 0:00:11]} Kxg2
{[%clk 0:00:11]} 61. Kb3 {[%clk 0:00:12]} Ba7 {[%clk 0:00:12]} 62. Na5
{[%clk 0:00:12]} Re3+ {[%clk 0:00:11]} 63. Kb2 {[%clk 0:00:12]} d3
{[%clk 0:00:10]} 64. cxd3 {[%clk 0:00:12]} Rxd3 {[%clk 0:00:12]} 65. Nc6
{[%clk 0:00:09]} Rd6 {[%clk 0:00:04]} 66. Nxa7 {[%clk 0:00:06]} 1/2-1/2

[Event "Blitz 2018"]
[Site "Saint-Petersburg"]
[Date "2018.12.29"]
[Round "1"]
[Board "74"]
[White "Zaitsev Alexander (RUS)"]
[Black "Tari Aryan (NOR)"]
[Result "0-1"]
[LiveChessVersion "1.4.8"]
[BlackElo "2608"]
[WhiteElo "2402"]

1. e4 {[%clk 0:03:03]} e5 {[%clk 0:03:03]} 2. Nc3 {[%clk 0:03:04]} Nf6
{[%clk 0:03:04]} 3. Bc4 {[%clk 0:03:05]} Nc6 {[%clk 0:03:05]} 4. d3
{[%clk 0:03:06]} Na5 {[%clk 0:03:04]} 5. Nge2 {[%clk 0:03:06]} Bc5
{[%clk 0:02:40]} 6. O-O {[%clk 0:02:15]} c6 {[%clk 0:02:42]} 7. a4
{[%clk 0:01:56]} Nxc4 {[%clk 0:02:18]} 8. dxc4 {[%clk 0:01:58]} d6
{[%clk 0:02:15]} 9. Qd3 {[%clk 0:01:49]} Be6 {[%clk 0:02:08]} 10. b3
{[%clk 0:01:47]} O-O {[%clk 0:01:56]} 11. Be3 {[%clk 0:01:48]} Qb6
{[%clk 0:01:26]} 12. a5 {[%clk 0:01:42]} Qc7 {[%clk 0:01:27]} 13. h3
{[%clk 0:01:11]} h6 {[%clk 0:01:18]} 14. Ng3 {[%clk 0:01:12]} Rad8
{[%clk 0:01:13]} 15. f4 {[%clk 0:00:53]} exf4 {[%clk 0:01:13]} 16. Rxf4
{[%clk 0:00:54]} Nd7 {[%clk 0:01:14]} 17. Bxc5 {[%clk 0:00:36]} dxc5
{[%clk 0:01:15]} 18. Qe3 {[%clk 0:00:32]} Qe5 {[%clk 0:01:03]} 19. Raf1
{[%clk 0:00:31]} Qd4 {[%clk 0:01:01]} 20. Re1 {[%clk 0:00:09]} Ne5
{[%clk 0:01:01]} 21. Nf5 {[%clk 0:00:08]} Qxe3+ {[%clk 0:00:56]} 22. Rxe3
{[%clk 0:00:09]} Rd2 {[%clk 0:00:51]} 23. Rf2 {[%clk 0:00:10]} Rfd8
{[%clk 0:00:48]} 24. Ree2 {[%clk 0:00:07]} Rxe2 {[%clk 0:00:44]} 25. Rxe2
{[%clk 0:00:08]} g6 {[%clk 0:00:45]} 26. Ne3 {[%clk 0:00:04]} Kg7
{[%clk 0:00:46]} 27. Na4 {[%clk 0:00:05]} Nd7 {[%clk 0:00:39]} 28. Rd2
{[%clk 0:00:06]} Re8 {[%clk 0:00:39]} 29. Nd5 {[%clk 0:00:06]} cxd5
{[%clk 0:00:21]} 30. cxd5 {[%clk 0:00:07]} Bxh3 {[%clk 0:00:21]} 31. gxh3
{[%clk 0:00:08]} Rxe4 {[%clk 0:00:23]} 32. d6 {[%clk 0:00:08]} f5
{[%clk 0:00:23]} 33. Rd5 {[%clk 0:00:08]} b6 {[%clk 0:00:25]} 34. axb6
{[%clk 0:00:09]} axb6 {[%clk 0:00:26]} 35. Nxb6 {[%clk 0:00:06]} Nxb6 36. d7 Nxd7
{[%clk 0:00:28]} 37. Rxd7+ {[%clk 0:00:09]} Kf6 {[%clk 0:00:30]} 38. Rc7
{[%clk 0:00:10]} Re5 {[%clk 0:00:27]} 39. Kf2 {[%clk 0:00:10]} f4
{[%clk 0:00:27]} 40. c3 {[%clk 0:00:03]} g5 {[%clk 0:00:22]} 41. b4
{[%clk 0:00:05]} cxb4 {[%clk 0:00:21]} 42. cxb4 {[%clk 0:00:06]} h5
{[%clk 0:00:17]} 43. Rc6+ {[%clk 0:00:03]} Kf5 {[%clk 0:00:17]} 44. Kf3
{[%clk 0:00:03]} Re3+ {[%clk 0:00:18]} 45. Kg2 {[%clk 0:00:05]} Rg3+
{[%clk 0:00:19]} 46. Kh2 {[%clk 0:00:06]} Re3 {[%clk 0:00:12]} 47. Rc5+
{[%clk 0:00:07]} Re5 {[%clk 0:00:13]} 48. Rc6 {[%clk 0:00:09]} Re2+
{[%clk 0:00:14]} 49. Kg1 {[%clk 0:00:10]} g4 {[%clk 0:00:14]} 50. Rc5+
{[%clk 0:00:11]} Ke4 {[%clk 0:00:15]} 51. Rxh5 {[%clk 0:00:12]} g3
{[%clk 0:00:17]} 52. Rh8 {[%clk 0:00:12]} f3 {[%clk 0:00:13]} 53. Kf1
{[%clk 0:00:06]} g2+ {[%clk 0:00:14]} 0-1

[Event "Blitz 2018"]
[Site "Saint-Petersburg"]
[Date "2018.12.29"]
[Round "1"]
[Board "75"]
[White "Mchedlishvili Mikheil (GEO)"]
[Black "Kobo Ori (ISR)"]
[Result "1-0"]
[LiveChessVersion "1.4.8"]
[BlackElo "2401"]
[WhiteElo "2607"]

1. d4 {[%clk 0:03:03]} Nf6 {[%clk 0:03:03]} 2. Bg5 {[%clk 0:03:03]} d5
{[%clk 0:03:03]} 3. e3 {[%clk 0:03:02]} c5 {[%clk 0:03:04]} 4. Bxf6
{[%clk 0:02:59]} gxf6 {[%clk 0:03:05]} 5. dxc5 {[%clk 0:02:59]} Nc6
{[%clk 0:03:05]} 6. Nf3 {[%clk 0:02:49]} e5 {[%clk 0:02:50]} 7. c4
{[%clk 0:02:41]} d4 {[%clk 0:02:37]} 8. exd4 {[%clk 0:02:12]} e4 {[%clk 0:02:33]}
9. Nfd2 {[%clk 0:02:06]} Qxd4 {[%clk 0:02:19]} 10. Nc3 {[%clk 0:02:07]} e3
{[%clk 0:01:29]} 11. fxe3 {[%clk 0:02:02]} Qxe3+ {[%clk 0:01:30]} 12. Qe2
{[%clk 0:02:03]} Qxe2+ {[%clk 0:01:19]} 13. Bxe2 {[%clk 0:02:03]} Bxc5
{[%clk 0:01:20]} 14. Nd5 {[%clk 0:01:57]} Kf8 {[%clk 0:01:07]} 15. Ne4
{[%clk 0:01:40]} Bd4 {[%clk 0:01:04]} 16. O-O-O {[%clk 0:01:37]} Bf5
{[%clk 0:00:38]} 17. Nd6 {[%clk 0:01:28]} Bg6 {[%clk 0:00:30]} 18. Rhf1
{[%clk 0:01:07]} Kg7 {[%clk 0:00:29]} 19. Bd3 {[%clk 0:00:59]} Rhd8
{[%clk 0:00:22]} 20. Nf5+ {[%clk 0:00:58]} Kf8 {[%clk 0:00:21]} 21. Nxd4
{[%clk 0:00:57]} Nxd4 {[%clk 0:00:15]} 22. Bxg6 {[%clk 0:00:58]} 1-0

[Event "Blitz 2018"]
[Site "Saint-Petersburg"]
[Date "2018.12.29"]
[Round "1"]
[Board "76"]
[White "Shubin Kirill (RUS)"]
[Black "Antipov Mikhail Al. (RUS)"]
[Result "1-0"]
[LiveChessVersion "1.4.8"]
[BlackElo "2604"]
[WhiteElo "2398"]

1. e4 {[%clk 0:03:03]} e6 {[%clk 0:03:03]} 2. d4 {[%clk 0:03:03]} d5
{[%clk 0:03:05]} 3. Nc3 {[%clk 0:03:04]} Bb4 {[%clk 0:03:03]} 4. e5
{[%clk 0:03:05]} b6 {[%clk 0:03:04]} 5. Qg4 {[%clk 0:03:01]} Bf8 {[%clk 0:03:04]}
6. Bg5 {[%clk 0:02:57]} Qd7 {[%clk 0:03:05]} 7. f4 {[%clk 0:02:53]} Ba6
{[%clk 0:02:45]} 8. Bxa6 {[%clk 0:02:28]} Nxa6 {[%clk 0:02:46]} 9. O-O-O
{[%clk 0:02:27]} Ne7 {[%clk 0:02:25]} 10. Qf3 {[%clk 0:02:19]} O-O-O
{[%clk 0:02:12]} 11. Nge2 {[%clk 0:02:13]} Kb7 {[%clk 0:01:59]} 12. Rhf1
{[%clk 0:02:05]} Rc8 {[%clk 0:01:44]} 13. g4 {[%clk 0:01:29]} g6 {[%clk 0:01:45]}
14. Kb1 {[%clk 0:00:50]} b5 {[%clk 0:01:28]} 15. Nc1 {[%clk 0:00:43]} b4
{[%clk 0:01:21]} 16. N3e2 {[%clk 0:00:43]} c5 {[%clk 0:01:19]} 17. dxc5
{[%clk 0:00:38]} Nxc5 {[%clk 0:01:10]} 18. Nb3 {[%clk 0:00:29]} Nc6
{[%clk 0:01:02]} 19. Bf6 {[%clk 0:00:26]} Rg8 {[%clk 0:01:02]} 20. f5
{[%clk 0:00:23]} gxf5 {[%clk 0:01:00]} 21. gxf5 {[%clk 0:00:24]} Qc7
{[%clk 0:00:40]} 22. Nxc5+ {[%clk 0:00:18]} Bxc5 {[%clk 0:00:41]} 23. Qd3
{[%clk 0:00:13]} Bb6 {[%clk 0:00:32]} 24. fxe6 {[%clk 0:00:14]} fxe6
{[%clk 0:00:33]} 25. Nf4 {[%clk 0:00:13]} Nd4 {[%clk 0:00:19]} 26. Rd2
{[%clk 0:00:07]} Ka8 {[%clk 0:00:10]} 27. Rfd1 {[%clk 0:00:06]} Qd7
{[%clk 0:00:05]} 28. Ne2 {[%clk 0:00:05]} Nb5 {[%clk 0:00:04]} 29. Nf4
{[%clk 0:00:04]} Rc7 {[%clk 0:00:04]} 30. Qh3 {[%clk 0:00:05]} Re8
{[%clk 0:00:04]} 31. Rg2 {[%clk 0:00:05]} Nd4 {[%clk 0:00:04]} 32. Rg7
{[%clk 0:00:05]} Qc6 {[%clk 0:00:04]} 33. Rxc7 {[%clk 0:00:06]} Qxc7
{[%clk 0:00:05]} 34. Qd3 {[%clk 0:00:07]} Rg8 {[%clk 0:00:05]} 35. Ne2
{[%clk 0:00:06]} Nxe2 {[%clk 0:00:05]} 36. Qxe2 {[%clk 0:00:07]} Qc5
{[%clk 0:00:05]} 37. Qd3 {[%clk 0:00:06]} Rg1 {[%clk 0:00:05]} 38. a3
{[%clk 0:00:05]} bxa3 {[%clk 0:00:05]} 39. bxa3 {[%clk 0:00:04]} Rg2
{[%clk 0:00:04]} 40. Qb3 {[%clk 0:00:03]} Kb7 {[%clk 0:00:04]} 41. Rf1
{[%clk 0:00:04]} Kc6 {[%clk 0:00:03]} 42. Bh4 {[%clk 0:00:04]} Kb7
{[%clk 0:00:04]} 43. Bg3 {[%clk 0:00:05]} Qc4 {[%clk 0:00:03]} 44. Qxc4
{[%clk 0:00:05]} dxc4 {[%clk 0:00:04]} 45. Rf4 {[%clk 0:00:06]} c3
{[%clk 0:00:03]} 46. Rc4 {[%clk 0:00:05]} Ba5 {[%clk 0:00:04]} 47. Rh4
{[%clk 0:00:05]} Kc6 {[%clk 0:00:04]} 48. Rxh7 {[%clk 0:00:05]} Bb6
{[%clk 0:00:06]} 49. Rh4 {[%clk 0:00:05]} Kd5 {[%clk 0:00:06]} 50. a4
{[%clk 0:00:05]} Bd4 {[%clk 0:00:06]} 51. Rh7 {[%clk 0:00:05]} Rg1+
{[%clk 0:00:07]} 52. Ka2 {[%clk 0:00:06]} Rc1 {[%clk 0:00:08]} 53. Rd7+
{[%clk 0:00:05]} Ke4 {[%clk 0:00:06]} 54. Kb3 {[%clk 0:00:06]} Rb1+
{[%clk 0:00:05]} 55. Kc4 {[%clk 0:00:07]} Be3 {[%clk 0:00:04]} 56. Kxc3
{[%clk 0:00:07]} Rb6 {[%clk 0:00:04]} 57. Rd6 {[%clk 0:00:08]} Rb7
{[%clk 0:00:04]} 58. Rxe6 {[%clk 0:00:08]} Rc7+ {[%clk 0:00:05]} 59. Kb3
{[%clk 0:00:09]} Rb7+ {[%clk 0:00:06]} 60. Kc4 {[%clk 0:00:08]} Rc7+
{[%clk 0:00:06]} 61. Kb5 {[%clk 0:00:09]} Rxc2 {[%clk 0:00:06]} 62. Rc6
{[%clk 0:00:07]} Ra2 {[%clk 0:00:03]} 63. a5 {[%clk 0:00:07]} Kd5
{[%clk 0:00:03]} 64. Rd6+ {[%clk 0:00:07]} Ke4 {[%clk 0:00:04]} 65. e6
{[%clk 0:00:08]} Bg5 {[%clk 0:00:04]} 66. Rd7 {[%clk 0:00:09]} Kf5
{[%clk 0:00:03]} 67. e7 {[%clk 0:00:10]} Re2 {[%clk 0:00:04]} 68. Bd6
{[%clk 0:00:08]} Re6 {[%clk 0:00:05]} 69. Bc5 {[%clk 0:00:07]} a6+
{[%clk 0:00:05]} 70. Kc4 {[%clk 0:00:08]} Kf4 {[%clk 0:00:03]} 71. Rd8
{[%clk 0:00:08]} Bxe7 {[%clk 0:00:03]} 72. Re8 {[%clk 0:00:09]} Re4+
{[%clk 0:00:04]} 73. Kd3 {[%clk 0:00:10]} Ra4 {[%clk 0:00:04]} 74. Rxe7
{[%clk 0:00:08]} Rxa5 75. Bd6+ {[%clk 0:00:09]} Kg4 {[%clk 0:00:06]} 76. Bg3
{[%clk 0:00:09]} Ra2 {[%clk 0:00:05]} 77. Kc4 {[%clk 0:00:10]} a5
{[%clk 0:00:05]} 78. Kb3 {[%clk 0:00:09]} Ra1 {[%clk 0:00:04]} 79. Ra7
{[%clk 0:00:08]} Kh3 {[%clk 0:00:03]} 80. Kc4 {[%clk 0:00:09]} a4
{[%clk 0:00:04]} 81. Kb4 {[%clk 0:00:10]} Rb1+ {[%clk 0:00:03]} 82. Kc3
{[%clk 0:00:09]} Ra1 {[%clk 0:00:04]} 83. Ra6 {[%clk 0:00:09]} Ra2
{[%clk 0:00:04]} 84. Kb4 {[%clk 0:00:09]} Rb2+ {[%clk 0:00:04]} 85. Kxa4
{[%clk 0:00:11]} Ra2+ {[%clk 0:00:05]} 86. Kb5 {[%clk 0:00:12]} Rb2+
{[%clk 0:00:06]} 87. Kc4 {[%clk 0:00:12]} Rb7 {[%clk 0:00:06]} 88. Kd3
{[%clk 0:00:13]} Re7 {[%clk 0:00:08]} 89. Ra4 {[%clk 0:00:13]} Re8
{[%clk 0:00:07]} 90. Re4 {[%clk 0:00:13]} Rf8 {[%clk 0:00:08]} 91. Ke3
{[%clk 0:00:14]} Kg2 {[%clk 0:00:09]} 92. Be5 {[%clk 0:00:11]} Rf3+
{[%clk 0:00:09]} 93. Ke2 {[%clk 0:00:11]} Rf2+ {[%clk 0:00:10]} 94. Kd3
{[%clk 0:00:10]} Rf3+ {[%clk 0:00:10]} 95. Re3 {[%clk 0:00:10]} Rf7
{[%clk 0:00:09]} 96. h4 {[%clk 0:00:08]} Rh7 {[%clk 0:00:08]} 97. Bf6
{[%clk 0:00:09]} Kf2 {[%clk 0:00:07]} 98. Bg5 {[%clk 0:00:10]} Rh8
{[%clk 0:00:07]} 99. Kd4 {[%clk 0:00:07]} Rh7 {[%clk 0:00:08]} 100. Ra3
{[%clk 0:00:08]} 1-0

[Event "Blitz 2018"]
[Site "Saint-Petersburg"]
[Date "2018.12.29"]
[Round "1"]
[Board "77"]
[White "Shaposhnikov Evgeny (RUS)"]
[Black "Teterev Vitaly (BLR)"]
[Result "0-1"]
[LiveChessVersion "1.4.8"]
[BlackElo "2397"]
[WhiteElo "2603"]

1. Nf3 {[%clk 0:03:02]} Nf6 {[%clk 0:03:04]} 2. c4 {[%clk 0:03:03]} g6
{[%clk 0:03:05]} 3. d4 {[%clk 0:03:02]} Bg7 {[%clk 0:03:05]} 4. e3
{[%clk 0:03:03]} O-O {[%clk 0:03:05]} 5. Be2 {[%clk 0:03:04]} d6 {[%clk 0:03:06]}
6. Nc3 {[%clk 0:03:02]} Nbd7 {[%clk 0:03:08]} 7. b3 {[%clk 0:03:02]} e5
{[%clk 0:03:08]} 8. Bb2 {[%clk 0:03:01]} Re8 {[%clk 0:03:07]} 9. Qc2
{[%clk 0:03:01]} Nf8 {[%clk 0:02:29]} 10. dxe5 {[%clk 0:02:43]} dxe5
{[%clk 0:02:31]} 11. Rd1 {[%clk 0:02:39]} N8d7 {[%clk 0:02:21]} 12. O-O
{[%clk 0:02:32]} c6 {[%clk 0:02:22]} 13. Ng5 {[%clk 0:02:31]} Qc7
{[%clk 0:01:52]} 14. Nge4 {[%clk 0:02:28]} Nxe4 {[%clk 0:01:43]} 15. Nxe4
{[%clk 0:02:28]} Nf6 {[%clk 0:01:13]} 16. Nd6 Re6 17. c5 {[%clk 0:02:27]} Re7
{[%clk 0:01:12]} 18. Rd2 {[%clk 0:02:18]} Nd5 {[%clk 0:01:02]} 19. Nxc8
{[%clk 0:02:11]} Rxc8 {[%clk 0:01:02]} 20. Bc4 {[%clk 0:02:10]} Rd8
{[%clk 0:01:00]} 21. a3 {[%clk 0:02:06]} Red7 {[%clk 0:01:01]} 22. Rfd1
{[%clk 0:02:06]} Ne7 {[%clk 0:00:56]} 23. b4 {[%clk 0:01:52]} a6 {[%clk 0:00:54]}
24. h4 {[%clk 0:01:49]} h5 {[%clk 0:00:44]} 25. g3 {[%clk 0:01:49]} Rxd2
{[%clk 0:00:31]} 26. Rxd2 {[%clk 0:01:50]} Rxd2 {[%clk 0:00:32]} 27. Qxd2
{[%clk 0:01:51]} Nf5 {[%clk 0:00:27]} 28. Bf1 {[%clk 0:01:27]} Kf8
{[%clk 0:00:26]} 29. Bh3 {[%clk 0:01:28]} Ne7 {[%clk 0:00:26]} 30. e4
{[%clk 0:01:27]} Ke8 {[%clk 0:00:22]} 31. Qd6 {[%clk 0:01:24]} Qd8
{[%clk 0:00:09]} 32. f4 {[%clk 0:01:14]} Nc8 {[%clk 0:00:06]} 33. Bxc8
{[%clk 0:00:39]} Qxc8 {[%clk 0:00:07]} 34. Bxe5 {[%clk 0:00:39]} Bf8
{[%clk 0:00:07]} 35. Qd3 {[%clk 0:00:27]} Qd7 {[%clk 0:00:07]} 36. Bd6
{[%clk 0:00:27]} Qe6 {[%clk 0:00:07]} 37. f5 {[%clk 0:00:25]} Qa2
{[%clk 0:00:07]} 38. fxg6 {[%clk 0:00:20]} fxg6 {[%clk 0:00:09]} 39. e5
{[%clk 0:00:21]} Qe6 {[%clk 0:00:10]} 40. Bxf8 {[%clk 0:00:21]} Kxf8
{[%clk 0:00:11]} 41. Qd6+ Kf7 42. Qc7+ {[%clk 0:00:21]} Qe7 {[%clk 0:00:14]} 43.
Qd6 {[%clk 0:00:19]} Qe6 {[%clk 0:00:15]} 44. Kf2 {[%clk 0:00:20]} Qa2+
{[%clk 0:00:17]} 45. Ke1 {[%clk 0:00:19]} Qa1+ {[%clk 0:00:17]} 46. Kd2
{[%clk 0:00:20]} Qb2+ {[%clk 0:00:18]} 47. Kd1 {[%clk 0:00:21]} Qb3+
{[%clk 0:00:19]} 48. Ke2 {[%clk 0:00:22]} Qb2+ {[%clk 0:00:20]} 49. Kf3
{[%clk 0:00:22]} Qxa3+ {[%clk 0:00:21]} 50. Kg2 {[%clk 0:00:23]} Qa2+
{[%clk 0:00:21]} 51. Kh3 {[%clk 0:00:21]} Qe6+ {[%clk 0:00:22]} 52. Kg2
{[%clk 0:00:22]} Qa2+ {[%clk 0:00:22]} 53. Kf3 {[%clk 0:00:18]} Qb3+
{[%clk 0:00:16]} 54. Ke2 {[%clk 0:00:17]} Qc4+ {[%clk 0:00:15]} 55. Ke3
{[%clk 0:00:18]} Qc3+ {[%clk 0:00:13]} 56. Ke2 {[%clk 0:00:13]} Qc4+
{[%clk 0:00:13]} 57. Qd3 {[%clk 0:00:11]} Qg4+ {[%clk 0:00:08]} 58. Kd2
{[%clk 0:00:11]} Qxb4+ {[%clk 0:00:08]} 59. Ke2 {[%clk 0:00:11]} Qb5
{[%clk 0:00:09]} 60. Ke1 0-1

[Event "Blitz 2018"]
[Site "Saint-Petersburg"]
[Date "2018.12.29"]
[Round "1"]
[Board "78"]
[White "Yakubboev Nodirbek (UZB)"]
[Black "Tomashevsky Evgeny (RUS)"]
[Result "0-1"]
[LiveChessVersion "1.4.8"]
[BlackElo "2602"]
[WhiteElo "2388"]

1. d4 {[%clk 0:03:02]} d5 {[%clk 0:03:03]} 2. Nf3 {[%clk 0:03:00]} c6
{[%clk 0:03:01]} 3. c4 {[%clk 0:02:59]} e6 {[%clk 0:03:01]} 4. e3
{[%clk 0:02:59]} Bd6 {[%clk 0:03:00]} 5. Bd3 {[%clk 0:02:54]} f5 {[%clk 0:02:59]}
6. O-O {[%clk 0:02:51]} Nf6 {[%clk 0:03:00]} 7. b3 {[%clk 0:02:52]} Qe7
{[%clk 0:02:59]} 8. Bb2 {[%clk 0:02:53]} O-O {[%clk 0:02:57]} 9. Qc1
{[%clk 0:02:54]} b6 {[%clk 0:02:54]} 10. Ba3 {[%clk 0:02:53]} c5 {[%clk 0:02:53]}
11. dxc5 {[%clk 0:02:21]} bxc5 {[%clk 0:02:38]} 12. cxd5 {[%clk 0:02:22]} Nxd5
{[%clk 0:02:18]} 13. Nc3 {[%clk 0:02:05]} Nd7 {[%clk 0:02:07]} 14. Nb5
{[%clk 0:00:28]} Bb8 {[%clk 0:02:02]} 15. Be2 {[%clk 0:00:09]} Bb7
{[%clk 0:01:52]} 16. Rd1 {[%clk 0:00:08]} a6 {[%clk 0:01:28]} 17. Nc3
{[%clk 0:00:08]} Bd6 {[%clk 0:01:10]} 18. Bb2 {[%clk 0:00:04]} Rad8
{[%clk 0:00:50]} 19. Nxd5 {[%clk 0:00:00]} 0-1